000 00563nam a22001697a 4500
003 OSt
005 20220107122757.0
008 150326b xxu||||| |||| 00| 0 eng d
040 _c
100 _aKavitha T M (92212008)
_96252
245 _aCitation network analysis of solar energy
502 _bMSc. Computational Science
_c2012 - 2014
_dINT
_eManoj Kumar T K
_fSatheesh Kumar K (University of Kerala)
_g"University of Kerala, Thiruvananthapuram"
650 _aCITATION NETWORK ANALYSIS
_96253
650 _aGEPHI
_96254
650 _aPAJEK
_96255
942 _2ddc
_cPR
999 _c4552
_d4552